Geometrie differentielle : varietes, courbes et surfaces
Αποθηκεύτηκε σε:
| Κύριος συγγραφέας: | |
|---|---|
| Άλλοι συγγραφείς: | |
| Μορφή: | Βιβλίο |
| Γλώσσα: | French |
| Δημοσίευση: |
Paris :
PUF,
1987
|
| Έκδοση: | 2e ed. |
| Θέματα: | |
| Ετικέτες: |
Προσθήκη ετικέτας
Δεν υπάρχουν, Καταχωρήστε ετικέτα πρώτοι!
|
MARC
| LEADER | 00000nam a2200000 i 4500 | ||
|---|---|---|---|
| 001 | 1/100937 | ||
| 008 | 000207s1987 fre d | ||
| 020 | |a 2-13-044708-2 | ||
| 035 | |l 10057478 | ||
| 040 | |a GR-MY-UA |b gre |e aacr | ||
| 041 | 0 | |a fre | |
| 082 | 0 | |a 516.36 | |
| 100 | 1 | |a Berger, Marcel |d 1927- | |
| 245 | 1 | 0 | |a Geometrie differentielle : |b varietes, courbes et surfaces / |c Marcel Berger, Bernard Gostiaux |
| 250 | |a 2e ed. | ||
| 260 | |a Paris : |b PUF, |c 1987 | ||
| 300 | |a 511 p. | ||
| 650 | 0 | 0 | |a Geometry, Differential. |
| 700 | 1 | |a Gostiaux, Bernard. | |
| 852 | |a INST |b RHODES |e 20000207 |h 516.36 BER |p 005400015052 |q 005400015052 |t BK |y 0 | ||
| 901 | |a BIBL4-2000-1 | ||
| 909 | |a Ρ |b 065645 | ||
| 922 | |a 4ΕΛΗ |b 199905 |c ΚΠΣ/154 |d LEADER BOOKS | ||
| 970 | |a ΚΟΥΛΑΚΙΟΤΗ |b ΛΙΤΣΑ |z 2000/02/10 | ||